000 01844nam a22003377a 4500
005 20210727153102.0
008 140918b2000 ck a|||g|||| 00| 01sspad
020 _a9789588841052
245 0 0 _aPoemas con sol y son
_cCecilia Pisos [y otros 47] edición Mabel Morvillo ; ilustración Vicky Ramos ; traducción Susana García
250 _aEdición especial para el Ministerio de Cultura
300 _a72 páginas
_bilustraciones a color
_c21 cm
490 _aPoesía de Américana Latina para niños
490 _aLeer es mi cuento
520 _aUn recorrido por la poesía de una América Latina y un Caribe siempre vivos. Ilustrado a todo color, este libro reúne bellos poemas de autores de Argentina, Brasil, Chile, Colombia, Costa Rica, Cuba, Guatemala, México, Nicaragua, Perú, Puerto Rico, República Dominicana y Venezuela. Sencillos de leer para los más pequeños, los poemas tratan temas tan variados como las palabrotas, los animales, las letras y, cómo no, la misteriosa naturaleza.
521 _aRecomendado para niños de 4 a 6 años
650 1 4 _2LEMB
_aPoesía infantil latinoamericana
_ySiglo XX
650 1 4 _2LEMB
_aLiteratura infantil latinoamericana
_ySiglo XX
650 1 4 _2LEMB
_aVocales en la literatura
650 1 4 _2LEMB
_aSol en la literatura
700 1 _aPisos, Cecilia
_d1965-
700 1 _aGarcía, Susana
_etraductor
700 1 _aRamos, Vicky
_eilustrador
830 _aColección para la Primera Infancia del Ministerio de Cultura, Plan Nacional de Lectura y Escritura Leer es mi cuento, Primera Infancia 2013
_988900
942 _2loc
_cBKINF
264 _aBogotá
_bGrupo Editorial Norma
_bPanamericana
_c2000
336 _atexto
_btxt
_2rdacontent
337 _asin mediación
_bn
_2rdamedia
338 _avolumen
_bnc
_2rdacarrier
040 _aCO-BoRNBP
_bspa
_erda
_cCO-BoRNBP
084 _aP POE30
999 _c2158
_d2158